00851cam a22002653a 45000010005000000030006000050050017000110080041000280400015000690420007000840500007000911000029000982450073001272600029002005060030002295160020002596530068002796530048003477000021003958300028004168560041004449420007004859990019004929520074005115561PGUSA20140828083122.0040401s2004||||xxu|||||s|||||000 1 eng d aPGUSAbeng adc 4aPT1 aEbers, Georg,d1837-189810aBarbara Blomberg — Volume 01h[electronic resource] /cGeorg Ebers bProject Gutenberg,c2004 aPublic domain in the USA. aElectronic text aHoly Roman Empire -- History -- Charles V, 1519-1556 -- Fiction aGerman fiction -- Translations into English1 aSafford, Mary J. 0aProject Gutenbergv556140uhttp://www.gutenberg.org/ebooks/5561 cEB c234890d234890 001040aGTBbGTBd2014-08-28l0r2014-08-28 00:00:00w2014-08-28yEB